书目信息 |
| 题名: |
世界艺术品市场
|
|
| 作者: | 骆公 编著 | |
| 分册: | ||
| 出版信息: | 北京 中国大百科全书出版社 1995 |
|
| 页数: | 144页 | |
| 开本: | 19cm | |
| 丛书名: | 世界市场全书 | |
| 单 册: | ||
| 中图分类: | F740.2 | |
| 科图分类: | ||
| 主题词: | 艺术--作品--市场--世界 | |
| 电子资源: | ||
| ISBN: | 7-5000-5483-1 | |
| 000 | 00811nnam 2200253 45 | |
| 001 | 0196017515 | |
| 005 | 20061031111845.18 | |
| 010 | @a7-5000-5483-1@dCNY98.80(合计) | |
| 100 | @a19950712d1995 em y0chiy0121 ea | |
| 101 | 0 | @achi |
| 102 | @aCN@b110000 | |
| 105 | @ay z 000yy | |
| 200 | 10 | @a世界艺术品市场@ASHI JIE YI SHU PIN SHI CHANG@f骆 公编著@FLUO GONG BIAN ZHU |
| 210 | @a北京@c中国大百科全书出版社@d1995 | |
| 215 | @a144页@d19cm | |
| 225 | 2 | @a世界市场全书@dThe world market series@zeng@i世界文化市场全书@v44 |
| 410 | 0 | @120010@a世界市场全书 |
| 517 | 1 | @a世界文化市场全书@ASHI JIE WEN HUA SHI CHANG QUAN SHU |
| 540 | 1 | @a艺术品@AYI SHU PIN |
| 606 | @a艺术@x作品@x市场@y世界 | |
| 690 | @aF740.2 | |
| 701 | 0 | @a骆公@ALUO GONG@4编著 |
| 801 | 0 | @aCN@bTSSF@c20061031 |
| 905 | @a10447@dF740.2@e12:4 | |
| 世界艺术品市场/骆 公编著.-北京:中国大百科全书出版社,1995 |
| 144页;19cm.-(世界市场全书=The world market series.世界文化市场全书;44) |
| ISBN 7-5000-5483-1:CNY98.80(合计) |
| ● |
| 相关链接 |
|
|
|
|
正题名:世界艺术品市场
索取号:F740.2/12:4
 
预约/预借
| 序号 | 登录号 | 条形码 | 馆藏地/架位号 | 状态 | 备注 |
| 1 | 0275774 | 002057767 | 第一样本阅览室/ [索取号:F740.2/12:4] | 在馆 |